| 000 | 00791cam a22002533a 4500 | ||
|---|---|---|---|
| 001 | 899 | ||
| 003 | PGUSA | ||
| 005 | 20140828082954.0 | ||
| 008 | 970501s1997||||xxu|||||s|||||000 | eng d | ||
| 040 |
_aPGUSA _beng |
||
| 042 | _adc | ||
| 050 | 4 | _aTL | |
| 100 | 1 | _aMarion, Fulgence | |
| 245 | 1 | 0 |
_aWonderful Balloon Ascents; Or, The Conquest of the Skies : _bA History of Balloons and Balloon Voyages _h[electronic resource] / _cFulgence Marion |
| 260 |
_bProject Gutenberg, _c1997 |
||
| 500 | _a.zip version contains numerous picture files from the book | ||
| 506 | _aPublic domain in the USA. | ||
| 516 | _aElectronic text | ||
| 653 | _aBalloons | ||
| 653 | _aBalloon ascensions | ||
| 830 | 0 |
_aProject Gutenberg _v899 |
|
| 856 | 4 | 0 | _uhttp://www.gutenberg.org/ebooks/899 |
| 942 | _cEB | ||
| 999 |
_c230250 _d230250 |
||